000 00678nam a2200241Ia 4500
003 OSt
005 20220918181838.0
006 a|||||r|||| 00| 0
007 ta
008 220917b |||||||| |||| 00| 0 eng d
024 _a28,826
037 _cTextual
040 _aARTS
_cARTS
_beng
041 _2eng
_aeng
082 _aO111,3M12,P, J4;J8
100 _aDickens Charles
_911511
245 0 _aMr. Pickwick
_b selections from Pickwick papers
260 _aLondon
_bUniv Of London Press
_c1958
300 _a160p. illus
_ccm.
650 _aENGLISH LITERATURE
942 _hO111,3M12,P, J4;J8
_cTEXL
_2CC
999 _c166994
_d166994